000 00771nac a22002417a 4500
001 BR8002525
003 BR-BrBNA
005 20240105114656.0
008 230509b bl.|||m| |||| 00| 0 por d
040 _aBR-BrBNA
_bpor
_cBiblioteca Nacional de Agricultura
072 _aF00
090 _a0170 BR8002525
110 1 _aEmpresa de Pesquisa Agropecuaria da Bahia, Salvador (Brasil)
_94095
245 1 _aSorgo - Nova opcao de cultivo [Sorghum spp]
260 3 _aSalvador, BA (Brasil):
_c1980.
300 _a7 p.
490 _aSerie Extensao - Empresa de Pesquisa Agropecuaria da Bahia (Brazil)
_vno. 2
_x
650 _aProducao vegetal
650 _aSorgo
650 _aPratica cultural
909 _a202312
_bLúcia Elande
_c55
_dLúcia Elande
942 _2AGRIS
_n0
_cMS
999 _c270682
_d270682